| 000 | 00340nam a22001337a 4500 | ||
|---|---|---|---|
| 003 | LK-CoDNM | ||
| 005 | 20240830134655.0 | ||
| 008 | 240830b |||||||| |||| 00| 0 eng d | ||
| 040 |
_aLK-CoDNM _dLK-CoDNM _eLK-CoDNM |
||
| 245 | _aMINUTES OF THE SENATE FIRST SESSION OF THE PALIMENT | ||
| 260 | _c1952-53 | ||
| 300 | _a24 cm | ||
| 942 | _cBK | ||
| 999 |
_c150276 _d150276 |
||